[Event "NAYCC U18"]
[Site "Toronto CAN"]
[Date "2013.08.18"]
[Round "8"]
[White "Pamatmat, Jarod"]
[Black "Chandra, Akshat"]
[Result "0-1"]
[WhiteElo "2341"]
[BlackElo "2395"]
[PlyCount "140"]
[GameId "2160767909296820"]
[EventDate "2013.08.14"]
[EventType "swiss"]
[EventRounds "9"]
[EventCountry "CAN"]
[SourceTitle "EXT 2022"]
[Source "ChessBase"]
[SourceDate "2021.10.06"]
[SourceVersion "1"]
[SourceVersionDate "2021.10.06"]
[SourceQuality "1"]

1. d4 Nf6 2. c4 e6 3. Nc3 Bb4 4. e3 O-O 5. Nge2 d5 6. a3 Be7 7. cxd5 exd5 8. Nf4 c6 9. Bd3 a5 10. O-O Na6 11. Bc2 Nc7 12. f3 Ne6 13. Nxe6 Bxe6 14. e4 dxe4 15. fxe4 Qb6 16. Kh1 Rad8 17. Be3 Ng4 18. Bg1 Qxb2 19. Na4 Qb5 20. Rb1 Qh5 21. Rxb7 Bxa3 22. e5 Qh4 23. Rf3 Bb4 24. Rf4 Qg5 25. Qf3 Rb8 26. Rxb8 Rxb8 27. h3 Nh6 28. Be3 Bd5 29. h4 Qe7 30. Qg3 Kh8 31. Rf1 Ng8 32. Bg5 Qe6 33. Kh2 Rf8 34. h5 Bc4 35. Bf5 Qe8 36. Rh1 f6 37. exf6 gxf6 38. Bh4 Qxh5 39. Bg4 Qg6 40. Rc1 Bd5 41. Nc5 Nh6 42. Bh3 Qxg3+ 43. Kxg3 Bd2 44. Rf1 f5 45. Nd7 Rg8+ 46. Kh2 Ng4+ 47. Kh1 Bg5 48. Bg3 h5 49. Rxf5 Ne3 50. Be5+ Kh7 51. Rf2 a4 52. Nb6 Bb3 53. d5 cxd5 54. Rf7+ Kg6 55. Ra7 Ng4 56. Bxg4 hxg4 57. Nxa4 Re8 58. Ra6+ Kf5 59. Bc3 Rc8 60. Ra5 Bxa4 61. Rxd5+ Kg6 62. Rd6+ Kh5 63. Bd2 Bxd2 64. Rxd2 Rc2 65. Rd1 Bc6 66. Rg1 g3 67. Rd1 Bxg2+ 68. Kg1 Bf3 69. Rf1 Rg2+ 70. Kh1 Rh2+ 0-1

[Event "NAYCC U18"]
[Site "Toronto CAN"]
[Date "2013.08.18"]
[Round "8"]
[White "Sohal, Tanraj"]
[Black "Knox, Christopher"]
[Result "1-0"]
[WhiteElo "2265"]
[BlackElo "2319"]
[PlyCount "73"]
[GameId "2160767909296821"]
[EventDate "2013.08.14"]
[EventType "swiss"]
[EventRounds "9"]
[EventCountry "CAN"]
[SourceTitle "EXT 2022"]
[Source "ChessBase"]
[SourceDate "2021.10.06"]
[SourceVersion "1"]
[SourceVersionDate "2021.10.06"]
[SourceQuality "1"]

1. d4 Nf6 2. Nf3 e6 3. g3 b6 4. Bg2 d5 5. O-O Be7 6. c4 c6 7. Ne5 O-O 8. Nc3 Ba6 9. Bf4 Qc8 10. cxd5 cxd5 11. Rc1 Qb7 12. Re1 Nbd7 13. Nc6 Bd8 14. Nxd8 Raxd8 15. e4 b5 16. e5 Ne8 17. Bg5 Rc8 18. Be7 Nb6 19. Bxf8 Kxf8 20. b3 b4 21. Nb1 Bb5 22. Qd2 a5 23. a3 bxa3 24. Nxa3 Qa6 25. Rxc8 Nxc8 26. Qc3 Ne7 27. Qc5 Bd3 28. Bf1 Bxf1 29. Rxf1 f5 30. Nb5 f4 31. Rc1 Kf7 32. Nd6+ Nxd6 33. exd6 Nf5 34. d7 Qd3 35. d8=Q Nxd4 36. Qcc7+ Kg6 37. Qe8+ 1-0

[Event "NAYCC U18"]
[Site "Toronto CAN"]
[Date "2013.08.18"]
[Round "8"]
[White "Ulrich, Thomas M"]
[Black "Schneider, Thomas G"]
[Result "1-0"]
[WhiteElo "2374"]
[BlackElo "1952"]
[PlyCount "57"]
[GameId "2160767909296823"]
[EventDate "2013.08.14"]
[EventType "swiss"]
[EventRounds "9"]
[EventCountry "CAN"]
[SourceTitle "EXT 2022"]
[Source "ChessBase"]
[SourceDate "2021.10.06"]
[SourceVersion "1"]
[SourceVersionDate "2021.10.06"]
[SourceQuality "1"]

1. d4 d5 2. c4 c6 3. Nf3 Nf6 4. Nc3 e6 5. Bg5 Nbd7 6. cxd5 exd5 7. e3 Be7 8. Bd3 O-O 9. O-O Re8 10. h3 Nf8 11. Qc2 g6 12. Ne5 Ne6 13. f4 c5 14. Bxf6 Bxf6 15. f5 Ng7 16. fxg6 fxg6 17. Nxd5 Bxe5 18. dxe5 Rxe5 19. Nf6+ Kh8 20. Bxg6 Bxh3 21. Nxh7 Qh4 22. Rf4 Qh6 23. Raf1 Ne6 24. Qc3 Nd4 25. exd4 Qxg6 26. Qxh3 Rh5 27. Nf8 Qh6 28. Qxh5 Qxh5 29. Rh4 1-0

[Event "NAYCC U18"]
[Site "Toronto CAN"]
[Date "2013.08.18"]
[Round "9"]
[White "Chandra, Akshat"]
[Black "Williams, Justus D"]
[Result "1-0"]
[WhiteElo "2366"]
[BlackElo "2395"]
[PlyCount "51"]
[GameId "2160767909296825"]
[EventDate "2013.08.14"]
[EventType "swiss"]
[EventRounds "9"]
[EventCountry "CAN"]
[SourceTitle "EXT 2022"]
[Source "ChessBase"]
[SourceDate "2021.10.06"]
[SourceVersion "1"]
[SourceVersionDate "2021.10.06"]
[SourceQuality "1"]

1. e4 c5 2. Nf3 d6 3. d4 cxd4 4. Nxd4 Nf6 5. Nc3 a6 6. h3 e6 7. g4 d5 8. exd5 Nxd5 9. Bd2 h5 10. Rg1 hxg4 11. hxg4 Nc6 12. Nxc6 bxc6 13. Ne4 Qb6 14. c4 Qd4 15. Nc3 Rh2 16. Qf3 Bc5 17. Rg2 Rxg2 18. Qxg2 Nb4 19. O-O-O Rb8 20. Kb1 Nd3 21. Be1 Nxe1 22. Qg3 Qf6 23. Qxb8 Qg6+ 24. Bd3 Nxd3 25. Qxc8+ Ke7 26. Qc7+ 1-0

[Event "NAYCC U18"]
[Site "Toronto CAN"]
[Date "2013.08.18"]
[Round "9"]
[White "Knox, Christopher"]
[Black "Zhang, Eric"]
[Result "1-0"]
[WhiteElo "2319"]
[BlackElo "2167"]
[PlyCount "63"]
[GameId "2160767909296827"]
[EventDate "2013.08.14"]
[EventType "swiss"]
[EventRounds "9"]
[EventCountry "CAN"]
[SourceTitle "hb 2013"]

1. d4 Nf6 2. c4 g6 3. Nc3 d5 4. cxd5 Nxd5 5. e4 Nxc3 6. bxc3 Bg7 7. Be3 O-O 8. Qd2 c5 9. Rc1 Qa5 10. Nf3 Nc6 11. d5 Ne5 12. c4 Nxf3+ 13. gxf3 Qxd2+ 14. Kxd2 b6 15. f4 Bb7 16. Bd3 Rfd8 17. h4 e6 18. h5 f5 19. hxg6 hxg6 20. f3 Rac8 21. Ke2 Re8 22. Rhg1 exd5 23. cxd5 Bxd5 24. Rxg6 fxe4 25. fxe4 Bxe4 26. Bxe4 Rxe4 27. Rcg1 Rc7 28. f5 Rce7 29. R1g3 Ra4 30. f6 Rxa2+ 31. Kf3 Re6 32. Kf4 1-0

[Event "NAYCC U18"]
[Site "Toronto CAN"]
[Date "2013.08.18"]
[Round "9"]
[White "Pamatmat, Jarod"]
[Black "Cao, Jason"]
[Result "0-1"]
[WhiteElo "2341"]
[BlackElo "2297"]
[PlyCount "104"]
[GameId "2160767909296830"]
[EventDate "2013.08.14"]
[EventType "swiss"]
[EventRounds "9"]
[EventCountry "CAN"]
[SourceTitle "EXT 2022"]
[Source "ChessBase"]
[SourceDate "2021.10.06"]
[SourceVersion "1"]
[SourceVersionDate "2021.10.06"]
[SourceQuality "1"]

1. d4 Nf6 2. Nf3 e6 3. e3 b6 4. Bd3 Bb7 5. Nbd2 d5 6. Ne5 Bd6 7. f4 O-O 8. Qf3 c5 9. c3 Ne8 10. O-O f5 11. g4 fxg4 12. Qxg4 Qe7 13. b3 Nf6 14. Qg2 cxd4 15. exd4 Ba6 16. Bxa6 Nxa6 17. Bb2 Rac8 18. Rae1 Rce8 19. Qh3 Nc7 20. Qe3 Nh5 21. Rf3 Rf5 22. Ref1 Ref8 23. R1f2 Rxf4 24. Rxf4 Rxf4 25. Rg2 Rf5 26. Ndf3 Qf8 27. h4 Bxe5 28. Nxe5 Rf1+ 29. Kh2 Qf4+ 30. Qxf4 Rxf4 31. Rg4 Rxg4 32. Nxg4 Kf7 33. a4 Nf4 34. Kg3 Nd3 35. Ba3 h5 36. Ne3 Kf6 37. Bd6 Ne8 38. Bb8 a6 39. c4 dxc4 40. Nxc4 Nc1 41. b4 b5 42. axb5 axb5 43. Be5+ Kf5 44. Na3 Ne2+ 45. Kf3 Nc3 46. Nc2 g5 47. Ne3+ Kg6 48. hxg5 Kxg5 49. Bf4+ Kg6 50. Ng2 Nd5 51. Nh4+ Kf6 52. Bd2 Nec7 0-1

[Event "NAYCC U18"]
[Site "Toronto CAN"]
[Date "2013.08.18"]
[Round "9"]
[White "Qin, Zi Yi (Joey)"]
[Black "Sohal, Tanraj"]
[Result "1/2-1/2"]
[WhiteElo "2460"]
[BlackElo "2265"]
[PlyCount "95"]
[GameId "2160767909296831"]
[EventDate "2013.08.14"]
[EventType "swiss"]
[EventRounds "9"]
[EventCountry "CAN"]
[SourceTitle "hb 2013"]

1. e4 e6 2. d4 d5 3. Nd2 h6 4. Bd3 c5 5. dxc5 Bxc5 6. Ngf3 Ne7 7. O-O Nbc6 8. a3 a6 9. b4 Bd6 10. Bb2 d4 11. Nb3 e5 12. c3 dxc3 13. Bxc3 Be6 14. Rc1 O-O 15. Bb2 Rc8 16. Nc5 Bxc5 17. Rxc5 f6 18. Qc2 Qd7 19. Rd1 Rfd8 20. Be2 Qe8 21. Rxd8 Rxd8 22. h3 Qd7 23. Rc3 Qe8 24. Rd3 Rxd3 25. Qxd3 Ng6 26. Bc1 Nf8 27. Be3 g5 28. Nh2 Qd7 29. Qc3 Ng6 30. Ng4 Kg7 31. Bc1 Nd4 32. Bf1 h5 33. Nh2 Ne7 34. Nf3 Nec6 35. Nd2 b5 36. Qc5 Qa7 37. Qc3 Qd7 38. Qe3 h4 39. Nf3 Nxf3+ 40. Qxf3 Nd4 41. Qc3 Qb7 42. f3 Qc6 43. Qxc6 Nxc6 44. Kf2 Kf7 45. Be3 Nd8 46. Bb6 Nb7 47. Bd3 Nd6 48. Bc5 1/2-1/2

[Event "NAYCC U18"]
[Site "Toronto CAN"]
[Date "2013.08.18"]
[Round "9"]
[White "Schneider, Thomas G"]
[Black "Nasir, Pi"]
[Result "1-0"]
[WhiteElo "1952"]
[BlackElo "1947"]
[PlyCount "65"]
[GameId "2160767909296832"]
[EventDate "2013.08.14"]
[EventType "swiss"]
[EventRounds "9"]
[EventCountry "CAN"]
[SourceTitle "EXT 2022"]
[Source "ChessBase"]
[SourceDate "2021.10.06"]
[SourceVersion "1"]
[SourceVersionDate "2021.10.06"]
[SourceQuality "1"]

1. d4 Nf6 2. c4 c5 3. d5 e6 4. Nc3 exd5 5. cxd5 d6 6. g3 g6 7. Bg2 Bg7 8. Nf3 O-O 9. O-O Na6 10. Nd2 Nc7 11. a4 b6 12. Nc4 Ba6 13. Na3 Qd7 14. Re1 Ng4 15. Bh3 f5 16. f3 Ne5 17. f4 Ng4 18. Bxg4 fxg4 19. e4 Rae8 20. Qb3 Bd4+ 21. Kg2 Bd3 22. Nab1 Qg7 23. Qd1 Bxb1 24. Rxb1 h5 25. Qd3 Rf7 26. Be3 Bxe3 27. Qxe3 Qd4 28. Rbd1 Qxe3 29. Rxe3 a6 30. e5 b5 31. axb5 axb5 32. Rde1 Rfe7 33. exd6 1-0

[Event "NAYCC U18"]
[Site "Toronto CAN"]
[Date "2013.08.18"]
[Round "9"]
[White "Semianiuk, Konstantin"]
[Black "Song, Michael"]
[Result "1/2-1/2"]
[WhiteElo "2315"]
[BlackElo "2368"]
[PlyCount "75"]
[GameId "2160767909296833"]
[EventDate "2013.08.14"]
[EventType "swiss"]
[EventRounds "9"]
[EventCountry "CAN"]
[SourceTitle "hb 2013"]

1. e4 e5 2. Nf3 Nc6 3. d4 exd4 4. Nxd4 Nf6 5. Nc3 Bb4 6. Nxc6 bxc6 7. Bd3 d5 8. exd5 cxd5 9. O-O O-O 10. Bg5 c6 11. Qf3 Bd6 12. Rae1 Rb8 13. Nd1 Be6 14. h3 h6 15. Bxf6 Qxf6 16. Qxf6 gxf6 17. b3 Rfe8 18. Ne3 Bb4 19. Rd1 Bc3 20. Nf5 Bxf5 21. Bxf5 Re7 22. Rd3 d4 23. Rf3 c5 24. Bd3 Rb6 25. Rf5 Bb4 26. g4 Kg7 27. Kg2 Rbe6 28. Kf3 Ba3 29. Rd5 Re5 30. Rd8 Re8 31. Rd7 R5e7 32. Rd5 a5 33. Rg1 Re5 34. Rd7 R8e7 35. Rd8 Bb4 36. a4 Bd2 37. Rc8 Re8 38. Rc7 1/2-1/2

[Event "NAYCC U18"]
[Site "Toronto CAN"]
[Date "2013.08.18"]
[Round "9"]
[White "Song, Guangyu"]
[Black "Inigo, Aquino"]
[Result "0-1"]
[WhiteElo "1609"]
[BlackElo "2241"]
[PlyCount "64"]
[GameId "2160767909296834"]
[EventDate "2013.08.14"]
[EventType "swiss"]
[EventRounds "9"]
[EventCountry "CAN"]
[SourceTitle "hb 2013"]

1. d4 d5 2. c4 e6 3. Nf3 Nf6 4. Bg5 Be7 5. Nc3 O-O 6. e3 h6 7. Bh4 b6 8. Rc1 Bb7 9. cxd5 Nxd5 10. Bxe7 Qxe7 11. Bd3 Rc8 12. O-O Nxc3 13. Rxc3 Nd7 14. Bb1 Nf6 15. Nd2 c5 16. dxc5 Rxc5 17. Rxc5 Qxc5 18. Nb3 Qg5 19. g3 Ng4 20. Qe2 Qh5 21. f3 Ne5 22. e4 Rd8 23. Kg2 g5 24. h3 Qg6 25. f4 gxf4 26. Rxf4 Qg7 27. h4 Ng6 28. Rg4 f5 29. Rxg6 Qxg6 30. Nd2 fxe4 31. h5 e3+ 32. Kh3 Rxd2 0-1

[Event "NAYCC U18"]
[Site "Toronto CAN"]
[Date "2013.08.18"]
[Round "9"]
[White "Sprumont, Oscar"]
[Black "Itkin, David"]
[Result "1/2-1/2"]
[WhiteElo "1961"]
[BlackElo "2182"]
[PlyCount "109"]
[GameId "2160767909296835"]
[EventDate "2013.08.14"]
[EventType "swiss"]
[EventRounds "9"]
[EventCountry "CAN"]
[SourceTitle "hb 2013"]

1. Nf3 Nf6 2. c4 g6 3. Nc3 Bg7 4. g3 O-O 5. Bg2 d6 6. O-O Nc6 7. d3 e5 8. Rb1 a5 9. a3 Re8 10. Ne1 Ne7 11. Nc2 c6 12. b4 axb4 13. axb4 d5 14. b5 Be6 15. bxc6 bxc6 16. Nb4 Qc8 17. cxd5 cxd5 18. Bd2 Rb8 19. Qc1 Qd7 20. Bh6 Bh3 21. Bxg7 Kxg7 22. Qd2 Bxg2 23. Kxg2 Nf5 24. Qa2 Nh4+ 25. gxh4 Qg4+ 26. Kh1 Rxb4 27. Rxb4 Qxb4 28. Nxd5 Qb7 29. e4 Nxd5 30. Qxd5 Qxd5 31. exd5 Rd8 32. f4 Rxd5 33. fxe5 Rxd3 34. h5 Re3 35. hxg6 hxg6 36. Kg2 Rxe5 37. Kg3 f5 38. Rb1 Re3+ 39. Kf2 Ra3 40. Kg2 Kh6 41. Rb4 Kh5 42. h3 Kg5 43. Rb8 Ra2+ 44. Kg3 Ra3+ 45. Kg2 Re3 46. Rg8 f4 47. Rf8 Rg3+ 48. Kh2 Ra3 49. Kg2 Ra5 50. Kf3 Ra3+ 51. Kg2 Rb3 52. Rf7 Rb5 53. Kf3 Kh4 54. Kxf4 Kxh3 55. Rh7+ 1/2-1/2

[Event "NAYCC U18"]
[Site "Toronto CAN"]
[Date "2013.08.18"]
[Round "9"]
[White "Ulrich, Thomas M"]
[Black "Colas, Joshua"]
[Result "1-0"]
[WhiteElo "2374"]
[BlackElo "2405"]
[PlyCount "105"]
[GameId "2160767909296836"]
[EventDate "2013.08.14"]
[EventType "swiss"]
[EventRounds "9"]
[EventCountry "CAN"]
[SourceTitle "EXT 2022"]
[Source "ChessBase"]
[SourceDate "2021.10.06"]
[SourceVersion "1"]
[SourceVersionDate "2021.10.06"]
[SourceQuality "1"]

1. d4 Nf6 2. c4 e6 3. Nc3 Bb4 4. e3 b6 5. Nge2 Bb7 6. a3 Be7 7. d5 O-O 8. g3 d6 9. Bg2 Nbd7 10. O-O a5 11. dxe6 Bxg2 12. exf7+ Rxf7 13. Kxg2 Qc8 14. Nd4 Ne5 15. Qe2 Qa6 16. b3 Ned7 17. Bb2 Qb7+ 18. e4 Nc5 19. f3 Raf8 20. b4 Na6 21. Nc2 c6 22. b5 Nc7 23. bxc6 Qxc6 24. Nd4 Qb7 25. a4 Nd7 26. Nd5 Nxd5 27. cxd5 Nc5 28. Qb5 Bf6 29. Rab1 Qc7 30. Nf5 Bxb2 31. Rxb2 Rb8 32. Rc1 Rf6 33. Nxd6 Qxd6 34. Rxc5 Rxf3 35. Rc6 Qf8 36. Rxb6 Rc8 37. Rb8 Rxb8 38. Qxb8 Rf2+ 39. Kg1 Rf1+ 40. Kg2 Rf2+ 41. Kh3 Rxb2 42. Qxb2 Qf1+ 43. Kg4 h5+ 44. Kg5 Qa6 45. Kxh5 Kh7 46. Qe5 Qe2+ 47. g4 Qd2 48. Qf5+ Kg8 49. Qe6+ Kh7 50. h4 Qd4 51. Qf5+ Kh8 52. Kg6 Qc5 53. Qh5+ 1-0

[Event "NAYCC U18 w"]
[Site "Toronto CAN"]
[Date "2013.08.14"]
[Round "1"]
[White "Botez, Alexandra"]
[Black "Lee, Megan Shuen Hui"]
[Result "1/2-1/2"]
[WhiteElo "2202"]
[BlackElo "2127"]
[PlyCount "63"]
[GameId "2160767909296838"]
[EventDate "2013.08.14"]
[EventType "tourn"]
[EventRounds "9"]
[EventCountry "CAN"]
[SourceTitle "EXT 2022"]
[Source "ChessBase"]
[SourceDate "2021.10.06"]
[SourceVersion "1"]
[SourceVersionDate "2021.10.06"]
[SourceQuality "1"]

1. Nf3 d5 2. d3 Nf6 3. g3 g6 4. Bg2 Bg7 5. O-O O-O 6. c3 c6 7. Qc2 Re8 8. e4 dxe4 9. dxe4 e5 10. Rd1 Qc7 11. Na3 Be6 12. h3 a6 13. Ng5 Nbd7 14. Nxe6 Rxe6 15. Nc4 Rd8 16. b3 c5 17. a4 Nb6 18. Rxd8+ Qxd8 19. Nxb6 Rxb6 20. Be3 Bf8 21. b4 Nd7 22. Rb1 Qc7 23. b5 a5 24. Rd1 Rd6 25. Rd5 Rxd5 26. exd5 Qd6 27. c4 b6 28. Kh2 f5 29. f4 Bg7 30. Qf2 exf4 31. Bxf4 Be5 32. Qe3 1/2-1/2

[Event "NAYCC U18 w"]
[Site "Toronto CAN"]
[Date "2013.08.14"]
[Round "1"]
[White "Gologorsky, Rachel Gita"]
[Black "Ulrich, Rachel J"]
[Result "0-1"]
[WhiteElo "2028"]
[BlackElo "2002"]
[PlyCount "48"]
[GameId "2160767909296839"]
[EventDate "2013.08.14"]
[EventType "tourn"]
[EventRounds "9"]
[EventCountry "CAN"]
[SourceTitle "EXT 2022"]
[Source "ChessBase"]
[SourceDate "2021.10.06"]
[SourceVersion "1"]
[SourceVersionDate "2021.10.06"]
[SourceQuality "1"]

1. e4 c5 2. Nf3 d6 3. d4 cxd4 4. Nxd4 Nf6 5. Nc3 a6 6. Be2 e6 7. O-O Be7 8. f4 O-O 9. Kh1 Qc7 10. Qe1 b5 11. a3 Bb7 12. Bd3 Nbd7 13. f5 e5 14. Nf3 d5 15. exd5 Nxd5 16. Bg5 Bxg5 17. Nxg5 Nxc3 18. Nxh7 Qc6 19. Rf3 Kxh7 20. f6+ g6 21. Qh4+ Kg8 22. bxc3 Nxf6 23. Qxf6 e4 24. Bxe4 Qxf6 0-1

[Event "NAYCC U18 w"]
[Site "Toronto CAN"]
[Date "2013.08.14"]
[Round "1"]
[White "Peng, Jackie"]
[Black "Kalaydina, Regina Veronicka"]
[Result "0-1"]
[WhiteElo "2231"]
[BlackElo "1958"]
[PlyCount "66"]
[GameId "2160767909296840"]
[EventDate "2013.08.14"]
[EventType "tourn"]
[EventRounds "9"]
[EventCountry "CAN"]
[SourceTitle "hb 2013"]

1. e4 c5 2. Nf3 e6 3. d4 cxd4 4. Nxd4 Nc6 5. Nc3 Qc7 6. Be3 a6 7. Bd3 Nf6 8. O-O Be7 9. Nb3 b5 10. f4 d6 11. Qe2 O-O 12. g4 Nd7 13. g5 Re8 14. Qh5 g6 15. Qh4 Bf8 16. Rf3 b4 17. Rh3 h5 18. Ne2 Nc5 19. Nxc5 dxc5 20. Ng3 Bg7 21. Rf1 Nd4 22. b3 Bd7 23. Bd2 Qb7 24. Nxh5 gxh5 25. Qxh5 Bc6 26. g6 f5 27. exf5 Nxf5 28. Be3 Nxe3 29. Qh7+ Kf8 30. Rxe3 Bd4 31. Qh6+ Qg7 32. Qh3 Bxe3+ 33. Qxe3 Qd4 0-1

[Event "NAYCC U18 w"]
[Site "Toronto CAN"]
[Date "2013.08.14"]
[Round "1"]
[White "Regam, Jessica"]
[Black "Hua, Margaret"]
[Result "1/2-1/2"]
[WhiteElo "2125"]
[BlackElo "1941"]
[PlyCount "66"]
[GameId "2160767909296841"]
[EventDate "2013.08.14"]
[EventType "tourn"]
[EventRounds "9"]
[EventCountry "CAN"]
[SourceTitle "hb 2013"]

1. e4 e5 2. Nf3 Nc6 3. Bb5 a6 4. Ba4 Nf6 5. O-O b5 6. Bb3 Bb7 7. Re1 Bc5 8. c3 d6 9. d4 Bb6 10. a4 O-O 11. h3 h6 12. d5 Ne7 13. axb5 axb5 14. Rxa8 Qxa8 15. Na3 Ba6 16. Bc2 c6 17. dxc6 Qxc6 18. Bd3 Rb8 19. Qe2 Ba7 20. Nc2 Bc5 21. Bd2 Ng6 22. Ra1 Nh5 23. Be3 Nhf4 24. Qf1 Bc8 25. Nb4 Bxb4 26. cxb4 Nxd3 27. Qxd3 Be6 28. Rc1 Qd7 29. Rd1 Rd8 30. Bb6 Bc4 31. Qd2 Bb3 32. Ra1 Rc8 33. Bc5 Rd8 1/2-1/2

[Event "NAYCC U18 w"]
[Site "Toronto CAN"]
[Date "2013.08.14"]
[Round "1"]
[White "Vyravanathan, Sobiga"]
[Black "Gorti, Akshita"]
[Result "0-1"]
[WhiteElo "1632"]
[BlackElo "1988"]
[PlyCount "58"]
[GameId "2160767909296842"]
[EventDate "2013.08.14"]
[EventType "tourn"]
[EventRounds "9"]
[EventCountry "CAN"]
[SourceTitle "hb 2013"]

1. e4 e6 2. d4 d5 3. exd5 exd5 4. Nf3 Bd6 5. Nc3 Ne7 6. Bg5 f6 7. Bh4 Nbc6 8. Be2 Bg4 9. a3 Qd7 10. Qd2 O-O-O 11. Nb5 Nf5 12. Nxd6+ Qxd6 13. Bg3 Qe7 14. Qf4 h5 15. c3 g5 16. Qd2 Bxf3 17. gxf3 h4 18. Qd3 Ng7 19. O-O-O hxg3 20. fxg3 Rde8 21. Qg6 Qxe2 22. Qxg7 Qxf3 23. Rdf1 Qe3+ 24. Kb1 Qe4+ 25. Kc1 Na5 26. b4 Qe3+ 27. Kb1 Qd3+ 28. Ka2 Qc2+ 29. Ka1 Nb3# 0-1

[Event "NAYCC U18 w"]
[Site "Toronto CAN"]
[Date "2013.08.15"]
[Round "2"]
[White "Hua, Margaret"]
[Black "Vyravanathan, Sobiga"]
[Result "1-0"]
[WhiteElo "1941"]
[BlackElo "1632"]
[PlyCount "113"]
[GameId "2160767909296843"]
[EventDate "2013.08.14"]
[EventType "tourn"]
[EventRounds "9"]
[EventCountry "CAN"]
[SourceTitle "EXT 2022"]
[Source "ChessBase"]
[SourceDate "2021.10.06"]
[SourceVersion "1"]
[SourceVersionDate "2021.10.06"]
[SourceQuality "1"]

1. e4 c5 2. Nf3 Nc6 3. d4 cxd4 4. Nxd4 Nf6 5. Nc3 d6 6. f3 e6 7. Be3 Be7 8. Qd2 a6 9. g4 h6 10. O-O-O Nxd4 11. Bxd4 b5 12. Kb1 Bd7 13. h4 e5 14. Be3 Rc8 15. Bh3 Nh7 16. g5 h5 17. Nd5 Bxh3 18. Rxh3 Qd7 19. Rg3 Rd8 20. f4 g6 21. Qf2 exf4 22. Bxf4 O-O 23. Rgd3 Qe6 24. Nxe7+ Qxe7 25. Bxd6 Qxe4 26. Bxf8 Rxd3 27. cxd3 Qe6 28. Bh6 f6 29. Re1 Qd7 30. gxf6 Qxd3+ 31. Qc2 Qxc2+ 32. Kxc2 Nxf6 33. Re6 Ng4 34. Rxg6+ Kf7 35. Rxg4 hxg4 36. Bf4 Kg6 37. Kb3 Kf5 38. Bg3 Ke4 39. a4 Kf3 40. Bb8 bxa4+ 41. Kxa4 g3 42. Bxg3 Kxg3 43. h5 Kf3 44. h6 Ke3 45. h7 Kd3 46. h8=Q Kc4 47. Qe5 Kd3 48. Kb3 a5 49. Qd5+ Ke3 50. Kc3 a4 51. Qe5+ Kf3 52. Kd3 a3 53. Qf5+ Kg2 54. Ke2 axb2 55. Qg4+ Kh2 56. Kf2 b1=Q 57. Qg2# 1-0

[Event "NAYCC U18 w"]
[Site "Toronto CAN"]
[Date "2013.08.15"]
[Round "2"]
[White "Kalaydina, Regina Veronicka"]
[Black "Gorti, Akshita"]
[Result "0-1"]
[WhiteElo "1958"]
[BlackElo "1988"]
[PlyCount "106"]
[GameId "2160767909296844"]
[EventDate "2013.08.14"]
[EventType "tourn"]
[EventRounds "9"]
[EventCountry "CAN"]
[SourceTitle "EXT 2022"]
[Source "ChessBase"]
[SourceDate "2021.10.06"]
[SourceVersion "1"]
[SourceVersionDate "2021.10.06"]
[SourceQuality "1"]

1. d4 Nf6 2. c4 e6 3. Nc3 Bb4 4. e3 O-O 5. Nge2 d5 6. a3 Be7 7. cxd5 exd5 8. b4 c6 9. Ng3 Be6 10. Bd3 Nbd7 11. O-O Qc7 12. Bd2 Rac8 13. Be1 Rfe8 14. f3 a5 15. Rb1 axb4 16. axb4 Nb6 17. Kh1 Rcd8 18. Bf2 h5 19. Nf5 Bxf5 20. Bxf5 Bd6 21. Bg1 Nc4 22. Re1 h4 23. Bd3 Nb6 24. e4 Bf4 25. e5 Nh5 26. Ne2 Qe7 27. Bf5 Bh6 28. Bg4 Qg5 29. Qd3 g6 30. Bxh5 Qxh5 31. f4 Nc4 32. b5 Ra8 33. bxc6 bxc6 34. Ra1 Reb8 35. Rxa8 Rxa8 36. Qf3 Qxf3 37. gxf3 Ra3 38. Kg2 Nd2 39. Rd1 Nxf3 40. Bf2 h3+ 41. Kh1 Ra2 42. Rd3 Nxh2 43. Kxh2 Rxe2 44. Rf3 Re4 45. f5 Rf4 46. Rxf4 Bxf4+ 47. Kxh3 gxf5 48. Kh4 Kf8 49. Kh5 Ke7 50. Bh4+ Kd7 51. Bg5 Bxg5 52. Kxg5 Ke6 53. Kf4 f6 0-1

[Event "NAYCC U18 w"]
[Site "Toronto CAN"]
[Date "2013.08.15"]
[Round "2"]
[White "Lee, Megan Shuen Hui"]
[Black "Regam, Jessica"]
[Result "1-0"]
[WhiteElo "2127"]
[BlackElo "2125"]
[PlyCount "87"]
[GameId "2160767909296845"]
[EventDate "2013.08.14"]
[EventType "tourn"]
[EventRounds "9"]
[EventCountry "CAN"]
[SourceTitle "EXT 2022"]
[Source "ChessBase"]
[SourceDate "2021.10.06"]
[SourceVersion "1"]
[SourceVersionDate "2021.10.06"]
[SourceQuality "1"]

1. e4 e6 2. d4 d5 3. e5 c5 4. c3 Qb6 5. Nf3 Bd7 6. Be2 Nc6 7. O-O Rc8 8. dxc5 Bxc5 9. b4 Bf8 10. Bf4 Nge7 11. Re1 Ng6 12. Bg3 Be7 13. Bd3 O-O 14. a3 a6 15. Ra2 Na7 16. h4 Qd8 17. h5 Nh4 18. Nxh4 Bxh4 19. Bf4 Bb5 20. Bxb5 Nxb5 21. Qg4 Kh8 22. Rc1 Rc4 23. g3 Be7 24. a4 Na7 25. Nd2 Rc7 26. Be3 Qb8 27. Rac2 Nc6 28. Bb6 Rd7 29. f4 d4 30. cxd4 Nxd4 31. Rc4 Nc6 32. Ne4 Bxb4 33. h6 Rg8 34. Qh5 gxh6 35. Qxh6 Rg6 36. Qh5 Rd3 37. Bf2 Be7 38. Rb1 Qc8 39. Qe2 Qd7 40. Nd6 b5 41. axb5 axb5 42. Rxb5 Rxd6 43. exd6 Qxd6 44. Rb6 1-0

[Event "NAYCC U18 w"]
[Site "Toronto CAN"]
[Date "2013.08.15"]
[Round "2"]
[White "Peng, Jackie"]
[Black "Gologorsky, Rachel Gita"]
[Result "1-0"]
[WhiteElo "2231"]
[BlackElo "2028"]
[PlyCount "71"]
[GameId "2160767909296846"]
[EventDate "2013.08.14"]
[EventType "tourn"]
[EventRounds "9"]
[EventCountry "CAN"]
[SourceTitle "EXT 2022"]
[Source "ChessBase"]
[SourceDate "2021.10.06"]
[SourceVersion "1"]
[SourceVersionDate "2021.10.06"]
[SourceQuality "1"]

1. e4 c5 2. Nf3 d6 3. d4 cxd4 4. Nxd4 Nf6 5. Nc3 Nc6 6. Bg5 e6 7. Qd2 a6 8. O-O-O Bd7 9. f3 Be7 10. Kb1 Qa5 11. h4 h6 12. Be3 h5 13. Be2 b5 14. Rdf1 Ne5 15. Rhg1 Rc8 16. Bg5 Nc4 17. Bxc4 Rxc4 18. Rd1 O-O 19. Nd5 Qd8 20. Nxe7+ Qxe7 21. Nb3 Bc8 22. Qxd6 Qxd6 23. Rxd6 Nh7 24. Be3 Nf6 25. Nc5 Rxc5 26. Bxc5 Nd7 27. Rxd7 Bxd7 28. Bxf8 Kxf8 29. e5 f6 30. exf6 gxf6 31. Kc1 f5 32. f4 Bc6 33. g3 Ke7 34. Kd2 Kd6 35. Re1 Be4 36. Rxe4 1-0